Partisans in the Black Forest? /

Bibliographic Details
Main Author: Grimmel, Ernst
Format: Book
Language:English
Published: Bremen, Western Germany : Relais-Verlag, 1964.
Subjects:

MARC

Tag First Indicator Second Indicator Subfields
LEADER 00000cam a2200000 a 4500
001 in00000060681
005 20151008050538.0
008 800430s1964 gw 000 0 eng
010 |a  85114961  
035 |a (OCoLC)ocm06266861 
035 |9 AAG1706AM 
035 |a (OCoLC)6266861 
040 |a DLC  |c DLC  |d BTCTA  |d UtOrBLW 
041 1 |a eng  |b ger 
043 |a e-gw--- 
049 |a TXAM 
050 0 0 |a HX274  |b .G7313 1964 
082 0 0 |a 324.243/075  |2 20 
100 1 |a Grimmel, Ernst. 
240 1 0 |a Partisanen im Schwarzwald?  |l English 
245 1 0 |a Partisans in the Black Forest? /  |c Ernst Grimmel. 
264 1 |a Bremen, Western Germany :  |b Relais-Verlag,  |c 1964. 
300 |a 36 pages ;  |c 20 cm. 
336 |a text  |b txt  |2 rdacontent 
337 |a unmediated  |b n  |2 rdamedia 
338 |a volume  |b nc  |2 rdacarrier 
500 |a Translation of: Partisanen im Schwarzwald? 
650 0 |a Communism  |z Germany (West) 
651 0 |a Germany (West)  |x Politics and government. 
650 0 |a Communist strategy. 
650 0 |a Insurgency  |z Germany (West) 
938 |a Baker and Taylor  |b BTCP  |n 85114961 
994 |a C0  |b TXA 
999 |a MARS 
999 f f |s 80d17ca4-64a6-31a5-9ff5-6a4860beae37  |i 6d440a54-276e-30b9-af99-56bc63200e49  |t 0 
952 f f |p ric  |a Texas A&M University  |b Rellis Campus  |c Joint Library Facility  |d Remote Storage  |t 0  |e HX274 .G7313 1964  |h Library of Congress classification  |i unmediated -- volume  |m A14800658957 
998 f f |a HX274 .G7313 1964  |t 0  |l Remote Storage